انتخاب : (Record no. 193738)

MARC details
000 -LEADER
fixed length control field 00659nam a22001937a 4500
005 - DATE AND TIME OF LATEST TRANSACTION
control field 20221114123248.0
010 ## - LCCN (DPL NO)
LC control number UR-11762
020 ## - INTERNATIONAL STANDARD BOOK NUMBER
International Standard Book Number 9789393785954
Terms of availability 126.0
035 ## - SYSTEM CONTROL NUMBER
System control number U-10317
037 ## - SOURCE OF ACQUISITION
Source of stock number/acquisition DBAD/PUB
Stock number -
082 ## - DEWEY DECIMAL CLASSIFICATION NUMBER
Classification number 844.08
100 ## - MAIN ENTRY--PERSONAL NAME
Personal name ابو بکر رضوی
245 ## - TITLE STATEMENT
Title انتخاب :
Remainder of title (تنقیدی مضامین) /
Statement of responsibility, etc ابو بکر رضوی
Medium ا ر د و
246 ## - VARYING FORM OF TITLE
Title proper/short title Intekhab (Tanqeedi Mazameen) /
Remainder of title by Abu Bakar Rizvi
260 ## - PUBLICATION, DISTRIBUTION, ETC. (IMPRINT)
Place of publication, distribution, etc New Delhi
Name of publisher, distributor, etc Educational Publishing House
Date of publication, distribution, etc 2021 ء
270 ## - ADDRESS
Address H.O. D1/16, Ansari Road, Daryaganj
City New Delhi
Postal code 110002
300 ## - PHYSICAL DESCRIPTION
Extent 197 ص
Dimensions 23cm(Hb)
942 ## - ADDED ENTRY ELEMENTS (KOHA)
Source of classification or shelving scheme Dewey Decimal Classification
Item type Urdu Bks
Classification part 844.08
Call number suffix ا ب و
Holdings
Withdrawn status Lost status Not for loan Collection code Home library Current library Date acquired Source of acquisition Cost, normal purchase price Full call number Barcode Copy number Cost, replacement price Koha item type
      Non-fiction Central Library Central Library 14/11/2022 DBAD/PUB 126.00 844.08 ا ب و U-10317 1 126.00 Urdu Bks

© Delhi Public Library
Hit Counter
free hit counter